willow - Taylor Swift (All Lyrics) - Statistics

General Stats
  • This quiz has been taken 2,588 times
  • The average score is 342 of 414
Answer Stats
Answer % Correct
I
99%
a
98%
you
98%
You
98%
the
97%
The
97%
when
96%
an
95%
that
95%
to
95%
your
95%
willow
94%
And
93%
and
93%
my
93%
was
93%
it
92%
know
91%
I'm
90%
in
90%
like
90%
Like
90%
win
90%
on
89%
where
89%
for
88%
man
88%
that's
88%
That's
88%
hand
86%
Life
86%
say
86%
take
86%
less
85%
more
85%
night
84%
plans
84%
follow
83%
right
83%
if
81%
begging
80%
but
80%
But
80%
face
80%
water
80%
wind
80%
look
79%
open
79%
ship
79%
bent
78%
knife
78%
me
78%
through
78%
case
77%
Wreck
77%
cut
76%
Wherever
76%
from
74%
is
74%
shut
73%
stray
72%
home
71%
known
70%
surface
70%
back
69%
come
68%
could
68%
were
68%
I'll
67%
than
67%
rolled
66%
stronger
66%
trend
66%
never
65%
would've
65%
dark
64%
Rough
64%
90's
63%
hollow
63%
of
63%
champion
62%
else
62%
priceless
62%
after
61%
I'd
61%
meet
61%
ring
61%
wine
61%
Anywhere
60%
gave
60%
or
60%
scars
60%
thing
60%
time
60%
Wait
60%
Every
59%
others
59%
art
58%
Show
58%
again
57%
feel
57%
one
57%
places
57%
prize
57%
work
57%
can
56%
train
56%
trophy
56%
Yeah
56%
cheat
55%
mythical
55%
signal
55%
there
54%
Lost
51%
out
51%
this
51%
sneakin
50%
Head
49%
should've
49%
They
48%
pillow
47%
As
46%
current
46%
switch
45%
guess
44%
count
43%
Now
38%
Hey
37%
bait
36%
No matching quizzes found
Score Distribution
Percent of People with Each Score
Percentile by Number Answered
Your Score History
You have not taken this quiz